|
|
|
|
| LEADER |
00000nam0a2200000 4500 |
| 001 |
260125 |
| 005 |
20231031221013.0 |
| 035 |
|
|
|a (RuTPU)RU\TPU\book\283071
|
| 035 |
|
|
|a RU\TPU\book\275796
|
| 090 |
|
|
|a 260125
|
| 100 |
|
|
|a 20140514d2014 km y0rusy50 ca
|
| 101 |
0 |
|
|a rus
|
| 102 |
|
|
|a RU
|
| 105 |
|
|
|a y z 000zy
|
| 200 |
1 |
|
|a Материнский капитал: как получить и распорядиться
|f Т. А. Маслова
|
| 205 |
|
|
|a 2-е изд., перераб. и доп.
|
| 210 |
|
|
|a Москва
|c Библиотечка РГ
|d 2014
|
| 215 |
|
|
|a 158 с.
|
| 225 |
1 |
|
|a Библиотечка "Российской газеты"
|v Вып. 7
|
| 330 |
|
|
|a 29 декабря 2006 г. был принят Федеральный закон № 256-ФЗ «О дополнительных мерах государственной поддержки семей, имеющих детей». С его принятием в повседневный обиход прочно вошло понятие «материнский (семейный) капитал». Названным законом определено, что государственная поддержка — это возможность улучшить жилищные условия, дать образование детям, повысить уровень пенсионного обеспечения матери за счет средств материнского (семейного) капитала. В феврале 2013 г. на заседании Совета по реализации приоритетных национальных проектов и демографической политике Президент РФ указал на необходимость дальнейшей реализации программ поддержки многодетных семей, в частности, предоставления земельных участков для строительства жилья, выплаты материнского капитала. Материнский капитал за прошедшие годы показал свою эффективность. Но Президент РФ поставил задачу сделать этот инструмент поддержки семей еще более результативным и более адресным. Срок реализации программы материнского капитала истекает после 2016 года. Как она будет развиваться дальше — покажет время, а о возможностях максимальной реализации программы на данный момент можно узнать из этой книги, адресованной широкому кругу читателей.
|
| 333 |
|
|
|a Исключено из фонда НТБ ТПУ
|
| 686 |
|
|
|a Х627.6
|v LBC/SL-A
|2 rubbk
|
| 700 |
|
1 |
|a Маслова
|b Т. А.
|
| 801 |
|
1 |
|a RU
|b 63413507
|c 20140313
|
| 801 |
|
2 |
|a RU
|b 63413507
|c 20210205
|g RCR
|
| 942 |
|
|
|c BK
|